000 01700cam a2200445 4500
008 020402n2004 000 0 eng u
020 _a1842191764
035 _a(Sirsi) u125114
041 _aeng
050 _a306.1094
_c18
100 _aBall, Michael
245 _aRICS European housing review 2004
_h[electronic resource]
260 _aLondon
_bRICS
_c2004
300 _a131p.
_c30cm.
520 _aProvides a detailed analysis of 14 European housing markets including the UK. Surveys the trends and issues currently dominating residential property in Europe and then focuses on the individual countries. Areas covered include the housing system, recent market developments, house building and housing policy, macroeconomic influences, mortgage markets and demographic background. Also provides a fact file of key statistics and various graphs for each country. View at www.rics.org.
650 _aEUROPE
650 _aAUSTRIA
650 _aBELGIUM
650 _aDENMARK
650 _aFINLAND
650 _aFRANCE
650 _aGERMANY
650 _aGREECE
650 _aIRELAND
650 _aITALY
650 _aNETHERLANDS
650 _aSPAIN
650 _aSWEDEN
650 _aSWITZERLAND
650 _aUNITED KINGDOM
650 _aFINANCE SYSTEMS
650 _aHOUSING POLICY
650 _aDEMAND AND SUPPLY
650 _aMARKET CONDITIONS
650 _aRESIDENTIAL PROPERTY
_96266
650 _aANNUAL REVIEW OF EUROPEAN HOUSING
690 _aPROPERTY-RESIDENTIAL PROPERTY-RESIDENTIAL PROPERTY MARKET
856 _uhttps://www.rics.org/site/download_feed.aspx?fileID=1305&fileExtension=PDF
_zView the report on the RICS website...
942 _n0
999 _c103344
_d103344